|
|
|
|
| LEADER |
00928nam a2200229 a 4500 |
| 001 |
00025194 |
| 008 |
120603r20122010enka j 000 1 eng |
| 020 |
|
|
|a 9780194247719
|
| 040 |
|
|
|a BD-DhAAL
|c BD-DhAAL
|
| 082 |
0 |
4 |
|a 428.6
|2 22
|
| 100 |
1 |
|
|a Verne, Jules
|
| 245 |
1 |
0 |
|a Twenty thousand leagues under the sea /
|c Jules Verne ;Text adaptation by Lesley Thompson ;Illustrated by Fausto Bianchi
|
| 260 |
|
|
|a Oxford :
|b Oxford University Press,
|c c2010.[reprinted 2012]
|
| 300 |
|
|
|a 51 p. :
|b col. ill. ;
|c 21cm.
|
| 440 |
0 |
|
|a Dominoes ;
|v One
|
| 541 |
1 |
|
|e 00025194
|
| 650 |
|
0 |
|a Readers (Elementary)
|
| 700 |
1 |
|
|a Thompson, Lesley
|
| 700 |
1 |
|
|a Bianchi, Fausto
|
| 852 |
1 |
|
|a Ayesha Abed library
|c General Shelf
|
| 999 |
|
|
|c 12338
|d 12338
|
| 952 |
|
|
|0 0
|1 0
|2 ddc
|4 0
|6 428_600000000000000_VER
|7 0
|9 20391
|a BRACUL
|b BRACUL
|c GEN
|d 2012-06-04
|l 4
|m 16
|o 428.6 VER
|p 3010025194
|r 2026-02-03
|s 2025-10-08
|t 1
|w 2012-06-04
|y BK
|x Transferred from BIL to BRACUL on 06/06/22
|